LEADER 01060nam a2200205 i 4500 001 000000205631 003 CaOOAMICUS 005 20110826000000.0 008 110826s1818 it u000 u ita u 013 $a184369 026 $aI.". e-ra heno lesc (3) 1818 (R) 040 $aSeMil$bita 100 1 $aBaretti, Giuseppe,$d<1719-1789>.$0(OLS)http://semarc/name/2803 240 10$aAccount of the manners and customs of Italy.$0(OLS)http://semarc/title/297583 245 13$aGl'italiani o sia Relazione degli usi e costumi d'Italia di Giuseppe Baretti tradotta dall'inglese con note del traduttore. 300 $a[2], XIV, 288 p. 773 0 $aBaretti, Giuseppe, <1719-1789>$tOpere di Giuseppe Baretti scritte in lingua italiana. Tomo 1. [-7.].$dParma : Luigi Mussi, 1813-1820.$g6$w()5249 850 $aSeMil 852 $aSeMil$W1$xVenegono$y1$m1P I 38 FA$j156125$B156125$CSeMilBibl$Z2$F167481 $8I 996 $6245$aGl'italiani o sia Relazione degli usi e costumi d'Italia di Giuseppe Baretti tradotta dall'inglese con note del traduttore$9(OLS)http://semarc/title/297582 LEADER 01376nam a2200337 i 4500 001 000000106318 003 CaOOAMICUS 005 20030331000000.0 008 030331s2001 it u000 u ita u 013 $a78512 020 $a88-372-1827-3 020 $a88-7030-080-3 040 $aSeMil$bita 100 1 $aPieper, Josef <1904-1997>.$0(OLS)http://semarc/name/18030 240 10$aVom Sinn der Tapferkeit.$0(OLS)http://semarc/title/154144 245 13$aLa fortezza /$cJosef Pieper ; prefazione di Giovanni Santambrogio. 260 $aMilano :$bMassimo,$c2001. 260 $aBrescia :$bMorcelliana,$c2001. 300 $a73 p. ;$c20 cm. 490 0 $aIl pellicano 650 4$aFortezza .$0(OLS)http://semarc/subject/16034 700 1 $aSantambrogio, Giovanni,$d<1952- >.$0(OLS)http://semarc/name/44745 830 3$aIl pellicano.$0(OLS)http://semarc/title/404225 850 $aSeMil 852 $aSeMil$W1$xVenegono$y1$m3F V 362$j62455$B62455$CSeMilBibl$Z2$F71615 $81 961 $aAcquisto: Mescat 996 $6020$a88-372-1827-3$9(OLS)http://semarc/number/86884 996 $6020$a88-7030-080-3$9(OLS)http://semarc/number/86885 996 $6245$aLa fortezza$9(OLS)http://semarc/title/154143 996 $6260$aBrescia :$bMorcelliana$9(OLS)http://semarc/publisher/29629 996 $6260$aMilano :$bMassimo$9(OLS)http://semarc/publisher/30297 LEADER 01008nam a2200217 4500 001 000000354663 003 CaOOAMICUS 005 20230717125931.0 008 230717s1970 xxk 000 u eng r 020 $a0-576-99882-6 040 $aSeMil$bita 245 00$aVol. 1. 264 1$aWestmead, Farnborough, Hants :$bGregg international publishers limited,$c1970. 300 $accclvi, 272 p. ;$c20 cm 773 0 $aMaskell, William $tMonumenta ritualia Ecclesiae anglicanae.$dWestmead, Farnborough, Hants : Gregg international publishers limited, 1970.$b2. Edition$z0-576-99784-6$g1$w()354662 850 $aSeMil 852 $aSeMil$W1$xVenegono$y1$m3K III 274$j242277$B245954$CSeMilBibl$Z2$F245954 $81 996 $6020$a0-576-99882-6$9(OLS)http://semarc/number/298504 996 $6245$aVol. 1$9(OLS)http://semarc/title/13429 996 $6264$aWestmead, Farnborough, Hants :$bGregg international publishers limited$9(OLS)http://semarc/publisher/61127